| 000 | 00855nam a2200241 4500 | ||
|---|---|---|---|
| 003 | vecauma | ||
| 005 | 20260422131408.0 | ||
| 007 | ta | ||
| 008 | 260422b ve ||||| |||| 00| 0 spa d | ||
| 020 | _a8480886250 | ||
| 040 |
_avecauma _bspa _cvecauma _dvecauma _erda |
||
| 041 | _aspa | ||
| 100 | 1 | _eautor | |
| 245 | 1 |
_aEl arte de gobernar según Peter Drucker _c/ Guido Stein |
|
| 264 |
_aEspaña: _bEdiciones gestión 2000, S.A.,; _c1999. |
||
| 300 | _a225 páginas. | ||
| 336 |
_atexto _btxt _2rdacontenido |
||
| 337 |
_ano mediado _bn _2rdamedio |
||
| 338 |
_avolumen _bnc _2rdasoporte |
||
| 505 | 0 | _aAproximación a Peter F. Drucker / Teoría de la sociedad / Teoría de la corporación / Teoría del management / El directivo del conocimiento en la nueva economía / | |
| 942 | 1 |
_2lcc _n0 _cBK |
|
| 999 |
_c13416 _d13416 |
||